000 00631cam a2200229 a 4500
001 1843728
005 20180129094011.0
008 811211s1982 ilu b 001 0 eng
010 _a 81021929
020 _a0226648737 :
_c$27.00 (est.)
040 _aDLC
_cDLC
_dDLC
041 _aeng
043 _ae-sw---
080 _a330.156
082 0 0 _a330.156 PAT
_219
100 1 _a19
101 _aSHP
245 1 0 _aAnticipations of The general theory? and other essays on Keynes /
_cDon Patinkin.
504 _aIncludes bibliographies and indexes.
906 _a7
_bcbc
_corignew
_d1
_eocip
_f19
_gy-gencatlg
942 _2ddc
_cBK
999 _c41201
_d41201